| 000 | 00365 a2200157 4500 | ||
|---|---|---|---|
| 999 |
_c12813 _d12813 |
||
| 003 | OSt | ||
| 005 | 20240716165026.0 | ||
| 008 | 240716b ||||| |||| 00| 0 eng d | ||
| 020 | _a9788119314706 | ||
| 082 | _a954 | ||
| 100 | _aRohan Shivkumar | ||
| 245 | _aCharles Correa - Kala Academy Goa | ||
| 260 |
_bArthshila Trust _c2024 |
||
| 300 | _a128p; | ||
| 942 | _2ddc | ||